000 00416nam a2200145Ia 4500
008 230917s9999||||xx |||||||||||||| ||und||
040 _e43131
_aMAIN
041 _aEnglish
082 _a940.25 R246H
100 _aReddaway, WF
245 0 _aHistory of medieval and modern Europe 8V. V6: A history of Europe:from 1610 to 1715
260 _aLondon
_bMethuen and Co.
_c1967
300 _axxviii, 485 p.
942 _cBK
999 _c182756
_d182756